000 00987nam0a22002891 4500
001 RU\NLR\INFOCOMM18\ROSSICA\1000004496
005 20250613185816.0
035 _a(NLR Aleph) 009897947
090 _a10554676
_c10554676
100 _a20030512d1907 |||y0rusy50 ca
101 0 _ager
102 _aRU
105 _aa ||||000ay
200 1 _aMaterialien zur Kenntniss des Muschelkalkes im Becken von Dombrowa
_eMit 13 Abbild. im Text und 2 Taf.
_fBogdanowitsch, K.
210 _aС.Петербургъ
_d1907
215 _cAbbild, Taf.
_d
225 1 _aТруды Геологического Комитета
_iНов.серия
_vВып.32, 1907
700 1 _9z01790
_aBogdanovič
_bK.I.
_f1864-1947
_gKarl Ivanovič
_4070
790 1 _9z01700
_aBogdanowitsch
_bK.
_4070
801 1 _aRU
_bInfoComm
_c20030512
801 0 _aRU
_bNLR
_gPSBO
801 2 _aRU
_bNLR
_c20060324
_2rusmarc
852 _aNLR
_bП8/184 (РЖФ)
942 _cBOOK
980 _aNB
980 _aRossica